Śrīekanātha. (Record no. 62939)
[ view plain ]
| 000 -LEADER | |
|---|---|
| fixed length control field | 00614cam a22002291 4500 |
| 001 - CONTROL NUMBER | |
| control field | sa 65003040 |
| 003 - CONTROL NUMBER IDENTIFIER | |
| control field | DLC |
| 005 - DATE AND TIME OF LATEST TRANSACTION | |
| control field | 20260227112120.0 |
| 008 - FIXED-LENGTH DATA ELEMENTS--GENERAL INFORMATION | |
| fixed length control field | 890911s1963 ii 000 0 maro |
| 010 ## - LIBRARY OF CONGRESS CONTROL NUMBER | |
| LC control number | sa 65003040 |
| 035 ## - SYSTEM CONTROL NUMBER | |
| System control number | (OCoLC)20326002 |
| 040 ## - CATALOGING SOURCE | |
| Original cataloging agency | DLC |
| Transcribing agency | WaU |
| Modifying agency | DLC |
| 043 ## - GEOGRAPHIC AREA CODE | |
| Geographic area code | a-ii--- |
| 050 00 - LIBRARY OF CONGRESS CALL NUMBER | |
| Classification number | PK2418.E5 |
| Item number | Z83 |
| 100 1# - MAIN ENTRY--PERSONAL NAME | |
| Personal name | Phāṭaka, Narahara Raghunātha, |
| Dates associated with a name | 1894-1979. |
| 245 10 - TITLE STATEMENT | |
| Title | Śrīekanātha. |
| 260 ## - PUBLICATION, DISTRIBUTION, ETC. | |
| Date of publication, distribution, etc. | [1963] |
| 300 ## - PHYSICAL DESCRIPTION | |
| Extent | 15, 280 p. |
| Dimensions | 22 cm. |
| 546 ## - LANGUAGE NOTE | |
| Language note | In Marathi. |
| 600 00 - SUBJECT ADDED ENTRY--PERSONAL NAME | |
| Personal name | Ekanātha, |
| Dates associated with a name | approximately 1548-approximately 1609. |
| 651 #0 - SUBJECT ADDED ENTRY--GEOGRAPHIC NAME | |
| Geographic name | India |
| General subdivision | History |
| Chronological subdivision | 1526-1765. |
No items available.